000 00859nam a2200241 i 4500
003 DO-SdBNP
005 20250318094034.0
007 ta
008 250312t1966 dr 000 0 spa d
040 _aDO-SdBNP
_bspa
_cBNPHU
_erda
082 _axxxx
_bL782
_222
245 0 0 _aLiturgia del segundo grado del rito escoces antiguo y aceptado :
_bcompañero mason /
_cintroducción Jaime Manuel Fernández, Salvador G. Arnemann
264 _aSanto Domingo :
_bEditorial Arte y Cine,
_c1966.
300 _a46 páginas
_c21 cm.
336 _atexto
_btxt
_2rdacontent
337 _asin mediación
_bn
_2rdamedia
338 _avolumen
_bnc
_2rdacarrier
590 _aInventariado, 2025/ YL
700 _aFernández, Jaime Manuel
_eintroducción
_4int.
_987179
700 _aArnemann, Salvador G.
_eintroducción
_4int.
_987180
910 _aYLockward
942 _2ddc
_cLF2
999 _c58405
_d58405